000 00426nam a2200145Ia 4500
008 150201s2007 xx 000 0 und d
082 _a616.994
_bE07S
100 _aSHASTRI , SURENDRA,S.
245 _aEVIDENCE BASED MANAGEMENT OF CANCERS IN INDIA : GUIDELINES FOR TOBACCO CANTROL IN INDIA-2007
250 _a1ST
260 _bTATA MEMORIAL HOSPITAL
_aMUMBAI
_c2007
300 _aJan-68
650 _aCANCER
942 _2ddc
_cBK
999 _c1728
_d1728